| 000 | 00746ata a2200265 4500 | ||
|---|---|---|---|
| 005 | 20161020172648.0 | ||
| 008 | 150519b xxu||||| |||| 00| 0 spa d | ||
| 041 | _aspa | ||
| 082 | _a1.0.3 A283t | ||
| 100 |
_aAguilar, María José _928285 |
||
| 245 | _aTécnicas de animación grupal | ||
| 260 | _aArgentina | ||
| 260 | _bEspacio | ||
| 300 | _a225 páginas | ||
| 650 |
_aANIMACIÓN TURÍSTICA _91521 |
||
| 650 |
_aANIMACIÓN GRUPAL _928286 |
||
| 650 |
_aACCIÓN DE GRUPO _928287 |
||
| 650 |
_aINICIACIÓN GRUPAL _928288 |
||
| 650 |
_aPRODUCCION GRUPAL _928289 |
||
| 650 |
_aMEDICIÓN GRUPAL _928290 |
||
| 650 |
_aEVALUACIÓN GRUPAL _928291 |
||
| 650 |
_aDINÁMICA DE GRUPOS _96400 |
||
| 650 |
_aTÉCNICAS GRUPALES _91524 |
||
| 942 | _cBK | ||
| 999 |
_c5735 _d5735 |
||